Briefcase on company law for professional and tertiary students / (Record no. 5939)

MARC details
000 -LEADER
fixed length control field 01080cam a2200181 a 4500
020 ## - INTERNATIONAL STANDARD BOOK NUMBER
ISBN 9789988115821
020 ## - INTERNATIONAL STANDARD BOOK NUMBER
ISBN 9988115822
050 00 - CALL NUMBER
Classification number KRX956
Item number .Ab8
100 1# - AUTHOR
Personal name Abrefa-Gyan, Kwame.
245 10 - TITLE
Title Briefcase on company law for professional and tertiary students /
Statement of responsibility, etc Kwame Abrefa-Gyan.
250 ## - EDITION
Edition statement 2nd ed.
260 ## - PUBLICATION INFORMATION
Place of publication Accra, Ghana :
Name of publisher Methodist Book Depot Limited,
Year of publication 2009.
300 ## - DESCRIPTION
Number of Pages vi, 309 p. ;
Dimensions 21 cm.
500 ## - NOTES
General note Includes Bibliography
505 0# - FORMATTED CONTENTS NOTE
Table of Content Articles of association and memorandum of association -- Incorporation of companies -- <br/>Promoter -- <br/>Pre-incorporation contracts -- <br/>Separate legal personality -- <br/>Ultra vires -- <br/>Registration-debenture -- <br/>Election of officers -- <br/>Directors -- <br/>Extraordinary general meeting -- <br/>Register of members -- <br/>Company property --<br/>Limited liability company -- <br/>Veil of incorporation -- <br/>Acts of directors -- <br/>Receiver -- <br/>The courts and minority shareholder protection --<br/>Remedy against oppression -- <br/>Winding up, dissolution and liquidation.<br/>Bibliography
650 #0 - SUBJECTS
Topical Term Corporation law
942 ## - ADDED ENTRY ELEMENTS (KOHA)
Koha item type Books
Holdings
Withdrawn status Lost status Collection code Home library Current library Shelving location Date acquired Source of acquisition Full call number Accession Number Koha item type
    Reference Methodist University Library Main Methodist University Library Main General Stacks 21/08/2019 Donated by Kwame Abrefa-Gyan KRX956 .Ab8 7632 Books
    Reference Methodist University Library Main Methodist University Library Main General Stacks 21/08/2019 Donated by Kwame Abrefa-Gyan KRX956 .Ab8 7633 Books
      Methodist University Library Main Methodist University Library Main General Stacks 21/08/2019 Donated by Kwame Abrefa-Gyan KRX956 .Ab8 7634 Books
      Methodist University Library Main Methodist University Library Main General Stacks 21/08/2019 Donated by Kwame Abrefa-Gyan KRX956 .Ab8 7635 Books
      Methodist University Library Main Methodist University Library Main General Stacks 21/08/2019 Donated by Kwame Abrefa-Gyan KRX956 .Ab8 7636 Books
      Methodist University Library Main Methodist University Library Main General Stacks 21/08/2019 Donated by Kwame Abrefa-Gyan KRX956 .Ab8 7637 Books
      Methodist University Library Main Methodist University Library Main General Stacks 21/08/2019 Donated by Kwame Abrefa-Gyan KRX956 .Ab8 7638 Books
Copyright © 2026  MUG Library